Movies Quiz

Random Movies or Director Quiz

Not Like the Others: Movies Quiz Stats

 Plays Quiz Updated Jun 24, 2016

Challenge
Share
Tweet
Score 0/25 Timer 12:00
3 Plays Today
% Correct
D. Anastasia was a Don Bluth film, not a Disney film.
89.1%
B. Kiera Knightley did not play one of Charlie's Angels.
85.7%
D. Stan Laurel was never a member of the Three Stooges.
81%
A. Karl Marx was not one of the comedic Marx brothers.
77.9%
A. Gerard Butler has never played the role of James Bond.
77.8%
C. Fatal Attraction is not an action movie.
76.3%
D. Rocky is not a biopic, unlike Ray, Milk, and Ali.
76.1%
D. Lando Calrissian is not a Jedi.
75.3%
C. The Shining is not a family comedy.
74.5%
D. Silent Movie was by Mel Brooks, not Friedberg & Seltzer.
68.9%
A. Alfred Hitchcock did not direct Sunset Blvd.; Billy Wilder did.
68.5%
B. That's not a time machine; it's the telepod from The Fly (1986).
68.5%
C. Fletch was a comedy-mystery, not a sports movie.
67.8%
% Correct
A. That's Patrick Swayze in Ghost. The others are all Kurt Russell.
64%
C. Eragon was not one novel adapted into multiple films.
62.3%
C. King Solomon's Mines is not an Indiana Jones film.
59.9%
C. When Harry Met Sally starred Billy Crystal, not Tom Hanks.
58.1%
D. The Shawshank Redemption did not win the Best Picture Oscar.
54.8%
B. James Cameron did not direct Jurassic Park.
52.3%
D. Godzilla is from Toei, not part of the Universal Monsters series.
48.4%
A. You Don't Mess With the Zohan did not bomb at the box-office.
46.9%
B. National Treasure is not a remake of an older film.
42.4%
C. Ice Age was by Blue Sky Studios, not by Dreamworks Animation.
39%
B. Zombieland is not an adaptation of Richard Matheson's 'I Am Legend'.
31.2%
B. Tim Burton produced The Nightmare Before Christmas but didn't direct it.
22.4%

You're not logged in!

Compare scores with friends on all Sporcle quizzes.
OR
Log In

You Might Also Like...

Show Comments

Extras

Top Quizzes Today


Score Distribution

Your Account Isn't Verified!

In order to create a playlist on Sporcle, you need to verify the email address you used during registration. Go to your Sporcle Settings to finish the process.

Report this User

Report this user for behavior that violates our Community Guidelines.

Details: